000 00508nam a22001577a 4500
003 macl
005 20170202125732.0
008 170202b xxu||||| |||| 00| 0 eng d
040 _cmacl
082 _a370
100 _aराय मनीषा
_966749
245 _aबाल विकास दश्‍ाा और दिशा
260 _aदिल्‍ली
_bआर्य प्रकाशन संस्‍थान
_c2016
650 _aबाल शिक्षा
_949262
942 _2ddc
_cHIN
999 _c56063
_d56063